| 000 | 00905nam a2200241 a 4500 | ||
|---|---|---|---|
| 001 | 59841 | ||
| 003 | BD-RjUL | ||
| 005 | 20211209080756.0 | ||
| 008 | 161227s1977 bg ||||| |||| 00| 0 ben d | ||
| 020 | _c: TK 15.00 | ||
| 035 | _a(BD-RjUL)59965 | ||
| 040 |
_aBD-RjUL _bben _cBD-RjUL |
||
| 041 | _aben | ||
| 082 |
_223 _a338.9 _bHAU 1977 |
||
| 100 |
_aহক, মোহাম্মদ জিয়াউল _9178072 |
||
| 245 | 1 | 0 |
_aউন্নয়ন অর্থনীতি পরিকল্পনা / _cমোহাম্মদ জিয়াউল হক |
| 250 | _a১ম সং. | ||
| 260 |
_aঢাকা : _bদেওয়ান আবদুল কাদের, _c১৯৭৭ |
||
| 300 |
_a১৫৬ পৃ. ; _c২১ সেমি. |
||
| 650 |
_a অর্থনীতির উন্নয়ন _9178073 |
||
| 650 |
_aEconomic Development _9170469 |
||
| 942 |
_2ddc _cBK |
||
| 999 |
_c59841 _d59841 |
||